|
|
|
|
| LEADER |
01301nam a2200313 a 4500 |
| 001 |
16949 |
| 003 |
BD-DhAAL |
| 008 |
090623s2003 maua b 001 0 eng d |
| 010 |
|
|
|a 2002070937
|
| 020 |
|
|
|a 9781405170314
|
| 020 |
|
|
|a 1405101202 (pbk. : alk. paper)
|
| 040 |
|
|
|a DLC
|c DLC
|d DLC
|d BD-DhAAL
|
| 082 |
0 |
0 |
|a 572.8633
|2 21
|
| 100 |
1 |
|
|a Primrose, S. B.
|
| 245 |
1 |
0 |
|a Principles of genome analysis and genomics /
|c Sandy B. Primrose, Richard M. Twyman.
|
| 250 |
|
|
|a Third edition.
|
| 260 |
|
|
|a Malden, Mass. :
|b Blackwell Pub.,
|c 2003.
|
| 300 |
|
|
|a viii, 263 p. :
|b ill. ;
|c 24 cm
|
| 504 |
|
|
|a Includes bibliographical references (pages [230]-254) and index.
|
| 526 |
|
|
|a MNS
|x Professor Naiyyum Choudhury
Department of Mathematics and Natural Sciences
BRAC University
|
| 541 |
1 |
|
|e 00016949
|a Essence Science Publications
|
| 650 |
|
0 |
|a Gene mapping.
|
| 650 |
|
0 |
|a Nucleotide sequence.
|
| 650 |
|
0 |
|a Genomics.
|
| 700 |
1 |
|
|a Twyman, Richard M.
|
| 852 |
4 |
|
|a Ayesha Abed Library
|c General Stacks
|
| 942 |
|
|
|2 ddc
|c BK
|
| 999 |
|
|
|c 1566
|d 1566
|
| 952 |
|
|
|0 0
|1 4
|2 ddc
|4 0
|6 572_863300000000000_PRI
|7 0
|9 1441
|a BRACUL
|b BRACUL
|c GEN
|d 2009-06-28
|e Essence Science Publications
|g 2331.00
|l 0
|o 572.8633 PRI
|p 3010016949
|r 2009-06-28
|t 1
|w 2009-06-28
|y BK
|x Koha Inventory 2020 ; Requisitioned by Professor Naiyyum Choudhury.
|